| 000 | 00874nam a2200253Ia 4500 | ||
|---|---|---|---|
| 003 | GCL | ||
| 008 | 140319s9999 xx 000 0 ara d | ||
| 040 |
_aGCL / _cGCL |
||
| 082 | 0 | 4 |
_aق _b327.62 _bش د |
| 100 | 1 | _aشوقى عطاالله الجمل | |
| 245 | 1 | 0 |
_aدور مصر فى افريقيا فى العصر الحديث / _cشوقى عطاالله الجمل |
| 260 |
_a[S.N] : _bالهيئة المصرية العامة للكتاب ، _c1984 |
||
| 300 | _a273 ص | ||
| 490 |
_aمصر النهضة _v0 |
||
| 650 | 0 | 4 | _aالعصر الحديث |
| 650 | 0 | 4 | _aمصر |
| 650 | 0 | 4 | _aتاريخ |
| 650 | 0 | 4 | _aالعلاقات الخارجية |
| 650 | 0 | 4 | _aافريقيا |
| 650 | 0 | 4 | _aحركات التحرير |
| 650 | 0 | 4 | _aمركز وثائق وتاريخ مصر المعاصر |
| 650 | 0 | 4 | _aمنظمة الوحدة الافريقية |
| 942 |
_2ddc _cBK |
||
| 999 |
_c52419 _d52419 |
||